000 00483nam a2200217Ia 4500
003 IT-RoPAU
008 120407s9999 xx 000 0 und d
040 _aIT-RoPAU
040 _cIT-RoPAU
041 _aita
100 _aFederico Schelling
245 _aRicerche filosofiche sulla assenza della libertà umana (1809)
250 _aLanciano
260 _aCarabba
260 _c1910
300 _a134 p.
300 _c19 cm
490 _v1
942 _cBK
999 _c25282
_d25282